000 002900000a22000970004500
100 1 _aEslinger, Lyle (1953- )
245 1 0 _aThe infinite in a finite organical perception (Isaiah 6:1-5)
300 _aVol. 45, Num. 2 (Abril, 1995), Páginas 145-173
773 0 _tVetus Testamentum
942 _cANA
999 _c57988
_d57988